Эндокринология (Запись № 13685145)

Подробности
000 -МАРКЕР
контрольное поле 02505nam0a2200433 4500
001 - ИДЕНТИФИКАТОР ЗАПИСИ
контрольное поле RU\NLR\BIBL_A\022638013
005 - ИДЕНТИФИКАТОР ВЕРСИИ
контрольное поле 20260420054445.0
010 ## - МЕЖДУНАРОДНЫЙ СТАНДАРТНЫЙ НОМЕР КНИГИ (ISBN)
Номер (ISBN) 978-5-9704-9051-8
Тираж 1000
021 ## - НОМЕР ГОСУДАРСТВЕННОЙ РЕГИСТРАЦИИ
Код страны Российская Федерация
Номер КН-П-25-050202
Номер Листа государственной регистраци КН-П-25-4852
035 ## - ДРУГИЕ СИСТЕМНЫЕ НОМЕРА
Идентификатор записи (NLR Aleph) 022638013
100 ## - ДАННЫЕ ОБЩЕЙ ОБРАБОТКИ
Данные общей обработки 20251007d2025 u y0rusy50 ca
101 0# - ЯЗЫК РЕСУРСА
Язык текста, звукозаписи и т.д. русский
102 ## - СТРАНА ПУБЛИКАЦИИ ИЛИ ПРОИЗВОДСТВА
Страна публикации Российская Федерация
105 ## - ПОЛЕ КОДИРОВАННЫХ ДАННЫХ: ТЕКСТОВЫЕ МАТЕРИАЛЫ, МОНОГРАФИЧЕСКИЕ
Кодированные данные о монографическом текстовом документе a g 001zy
181 #0 - ПОЛЕ КОДИРОВАННЫХ ДАННЫХ: ВИД СОДЕРЖАНИЯ
Код вида содержания (ISBD) i
Код характеристики содержания (ISBD) axxe
182 #0 - ПОЛЕ КОДИРОВАННЫХ ДАННЫХ: ТИП СРЕДСТВА
Код типа средства (ISBD) n - непосредственное
200 1# - ЗАГЛАВИЕ И СВЕДЕНИЯ ОБ ОТВЕТСТВЕННОСТИ
Основное заглавие Эндокринология
Сведения, относящиеся к заглавию национальное руководство
Первые сведения об ответственности [Абдулхабирова Фатима Магомедовна - кандидат медедицинских наук, врач-эндокринолог, Абросимов Александр Юрьевич - доктор медицинских наук, профессор, Абсатарова Юлия Сергеевна - кандидат медицинских наук и др.]
Последующие сведения об ответственности под редакцией академика РАН И. И. Дедова [и др.]
-- Российская ассоциация эндокринологов
203 ## - ВИД СОДЕРЖАНИЯ И ТИП СРЕДСТВА
Вид содержания Текст
Дополнительные сведения об издании визуальный
Тип средства непосредственный
205 ## - СВЕДЕНИЯ ОБ ИЗДАНИИ
Сведения об издании 3-е изд., испр. и доп.
210 ## - ПУБЛИКАЦИЯ, РАСПРОСТРАНЕНИЕ И ДР.
Место издания, распространения и т.д. Москва
Имя издателя, распространителя и т. д. ГЭОТАР-Медиа
Дата издания, распространения и т.д. 2025
215 ## - ФИЗИЧЕСКАЯ ХАРАКТЕРИСТИКА
Специфическое обозначение материала и объем 1414 с., [20] л. ил., цв. ил.
Другие сведения о физической характеристике ил., цв. ил., табл.
Размеры 24
225 1# - СЕРИЯ
Основное заглавие серии Национальное руководство
300 ## - ОБЩИЕ ПРИМЕЧАНИЯ
Текст примечания Авт. указаны: с. 11-18
300 ## - ОБЩИЕ ПРИМЕЧАНИЯ
Текст примечания На обл.: 30 лет с Вами издательская группа "Гэотар-Медиа"
320 ## - ПРИМЕЧАНИЯ О НАЛИЧИИ В ДОКУМЕНТЕ БИБЛИОГРАФИИ / УКАЗАТЕЛЯ
Текст примечания Библиогр. в конце гл.
320 ## - ПРИМЕЧАНИЯ О НАЛИЧИИ В ДОКУМЕНТЕ БИБЛИОГРАФИИ / УКАЗАТЕЛЯ
Текст примечания Предм. указ.: с. 1408-1414
606 1# - НАИМЕНОВАНИЕ ТЕМЫ КАК ПРЕДМЕТ
Наименование темы Эндокринология
Формальный подзаголовок Руководства, пособия и т.п
Системный номер авторитетной/нормативной записи 925798
Идентификатор авторитетной/нормативной записи RU\NLR\AUTH\6621416
675 ## - УНИВЕРСАЛЬНАЯ ДЕСЯТИЧНАЯ КЛАССИФИКАЦИЯ (UDC/УДК)
Индекс 616.4
686 1# - ИНДЕКСЫ ДРУГИХ КЛАССИФИКАЦИЙ
Индекс Р415.1я77
701 #1 - ИМЯ ЛИЦА - АЛЬТЕРНАТИВНАЯ ОТВЕТСТВЕННОСТЬ
Начальный элемент ввода Абдулхабирова
Часть имени, кроме начального элемента ввода Ф. М.
Расширение инициалов личного имени Фатима Магомедовна
701 #1 - ИМЯ ЛИЦА - АЛЬТЕРНАТИВНАЯ ОТВЕТСТВЕННОСТЬ
Начальный элемент ввода Абросимов
Часть имени, кроме начального элемента ввода А. Ю.
Расширение инициалов личного имени Александр Юрьевич
701 #1 - ИМЯ ЛИЦА - АЛЬТЕРНАТИВНАЯ ОТВЕТСТВЕННОСТЬ
Начальный элемент ввода Абсатарова
Часть имени, кроме начального элемента ввода Ю. С.
Расширение инициалов личного имени Юлия Сергеевна
702 #1 - ИМЯ ЛИЦА - ВТОРИЧНАЯ ОТВЕТСТВЕННОСТЬ
Код отношения Редактор
Графика поля Кириллица
Материалы, к которым относится поле rus
Начальный элемент ввода Дедов
Часть имени, кроме начального элемента ввода И. И.
Дополнения к именам, кроме дат д-р мед. наук
Даты 1941-
Расширение инициалов личного имени Иван Иванович
Системный номер авторитетной/нормативной записи 116317
Идентификатор авторитетной/нормативной записи RU\NLR\AUTH\776363
712 02 - НАИМЕНОВАНИЕ ОРГАНИЗАЦИИ - ВТОРИЧНАЯ ОТВЕТСТВЕННОСТЬ
Код отношения Прочие
Начальный элемент ввода Российская ассоциация эндокринологов
Системный номер авторитетной/нормативной записи 306724
Идентификатор авторитетной/нормативной записи RU\NLR\AUTH\8816731
942 ## - ДОПОЛНИТЕЛЬНЫЕ ЭЛЕМЕНТЫ ЗАПИСИ (АБИС)
Тип экземпляра АБИС Книга
980 ## - КОЛЛЕКЦИЯ
Название коллекции Национальная библиография

Нет доступных экземпляров.